FIFA 20 TOP 100 PLAYERS - Statistics

General Stats
  • This quiz has been taken 2,063 times
  • The average score is 57 of 100
Answer Stats
Rating Player Club % Correct
93 Cristiano Ronaldo Juventus
100%
94 Lionel Messi Barcelona
100%
92 Neymar PSG
99%
90 Mohamed Salah Liverpool
95%
91 Kevin De Bruyne Manchester City
94%
87 Heung Min Son Tottenham
93%
90 Virgil van Dijk Liverpool
92%
89 Harry Kane Tottenham
91%
90 Luka Modric Real Madrid
91%
88 Sadio Mané Liverpool
90%
91 Jan Oblak Atletico Madrid
89%
91 Eden Hazard Real Madrid
87%
89 Sergio Ramos Real Madrid
87%
89 Kylian Mbappé PSG
84%
89 Luis Suárez Barcelona
84%
90 Marc-André ter Stegen Barcelona
83%
89 Robert Lewandowski Bayern Munich
83%
89 Alisson Liverpool
82%
89 Sergio Agüero Manchester City
82%
88 Toni Kroos Real Madrid
81%
87 Bernardo Silva Manchester City
79%
88 David Silva Manchester City
79%
87 Thiago Silva PSG
79%
89 Antoine Griezmann Barcelona
78%
87 Karim Benzema Real Madrid
77%
88 Thibaut Courtois Real Madrid
76%
88 Gerard Piqué Barcelona
75%
89 N’Golo Kanté Chelsea
75%
89 David De Gea Manchester United
73%
88 Marco Reus Borussia Dortmund
70%
88 Manuel Neuer Bayern Munich
69%
88 Paul Pogba Manchester United
69%
89 Sergio Busquets Barcelona
69%
88 Paulo Dybala Juventus
68%
89 Kalidou Koulibaly Napoli
67%
88 Pierre-Emerick Aubameyang Arsenal
67%
88 Ederson Manchester City
66%
89 Giorgio Chiellini Juventus
66%
88 Hugo Lloris Tottenham
66%
86 Roberto Firmino Liverpool
64%
87 Casemiro Real Madrid
63%
87 Dries Mertens Napoli
63%
88 Raheem Sterling Manchester City
63%
87 Jordi Alba Barcelona
62%
87 Lorenzo Insigne Napoli
62%
85 Romelu Lukaku Inter Milan
61%
88 Edinson Cavani PSG
57%
86 Thomas Müller Bayern Munich
57%
86 Joshua Kimmich Bayern Munich
56%
87 Mats Hummels Borussia Dortmund
56%
85 Zlatan Ibrahimović LA Galaxy
56%
88 Christian Eriksen Tottenham
54%
88 Samir Handanovič Inter Milan
54%
87 Keylor Navas PSG
53%
86 Leonadro Bonucci Juventus
53%
85 Raphaël Varane Real Madrid
53%
85 Frenkie de Jong Barcelona
52%
86 Marcelo Real Madrid
52%
87 Thiago Bayern Munich
52%
86 Leroy Sané Manchester City
51%
86 Ciro Immobile Lazio
50%
85 Andrew Robertson Liverpool
47%
87 Jan Vertonghen Tottenham
47%
86 Ángel Di María PSG
45%
87 Aymeric Laporte Manchester City
45%
86 Marquinhos PSG
44%
88 Diego Godín Inter Milan
43%
86 Coutinho Bayern Munich
42%
85 Matthijs de Ligt Juventus
42%
86 Alexandre Lacazette Arsenal
41%
85 Bruno Fernandes Sporting CP
40%
85 Dani Carvajal Real Madrid
40%
86 Ivan Rakitić Barcelona
40%
86 Marco Verratti PSG
40%
87 Toby Alderweireld Tottenham
40%
85 David Alaba Bayern Munich
38%
85 Fabinho Liverpool
38%
87 Fernandinho Manchester City
38%
86 Isco Real Madrid
37%
85 Rodri Manchester City
37%
85 Mauro Icardi PSG
36%
86 Samuel Umtiti Barcelona
35%
85 Alejandro Gómez Atalanta
31%
85 Koke Atletico Madrid
31%
86 Miralem Pjanić Juventus
31%
86 Daniel Parejo Valencia
29%
85 Gianluigi Donnarumma AC Milan
28%
85 Hakim Ziyech Ajax
28%
86 Milan Škriniar Inter Milan
27%
85 Sergej Milinković-Savić Lazio
26%
85 Saúl Atletico Madrid
24%
85 Alex Sandro Juventus
23%
85 James Rodríguez Real Madrid
22%
85 Niklas Süle Bayern Munich
22%
85 Blaise Matuidi Juventus
20%
86 Wojciech Szczęsny Juventus
18%
85 José María Giménez Atletico Madrid
15%
85 Axel Witsel Borussia Dortmund
13%
85 Allan Napoli
11%
85 Kostas Manolas Napoli
11%
No matching quizzes found
Score Distribution
Percent of People with Each Score
Percentile by Number Answered
Your Score History
You have not taken this quiz